| 000 | 01600nam0a2200301 4500 | ||
|---|---|---|---|
| 001 | RU\NLR\bibl\802695 | ||
| 005 | 20260405080758.0 | ||
| 010 |
_a5-7339-0490-9 _9100 |
||
| 021 |
_aRU _b2005-7657 _9396 |
||
| 035 | _a(NLR Aleph) 000791855 | ||
| 090 |
_a1126735 _c1126735 |
||
| 100 | _a20050523d2005 |||y0rusy50 ca | ||
| 101 | 0 |
_arus _afre |
|
| 102 | _aRU | ||
| 105 | _ay ||||||||| | ||
| 200 | 1 |
_aФранцузский язык _eучебное пособие _e[для дневного отделения] _fВ.Г. Дудина, Е.А. Иванова _gФедер. агентство по образованию, Гос. образоват. учреждение высш. проф. образования "Моск. гос. ин-т радиотехники, электроники и автоматики (техн. ун-т)" |
|
| 210 |
_aМосква _cМоск. гос. ин-т радиотехники, электроники и автоматики _d2005 |
||
| 215 |
_a52 с. _d21 |
||
| 606 | 1 |
_aФранцузский язык _jУчебные издания для высших учебных заведений _91524672 _3RU\NLR\auth\66964829 |
|
| 686 | _aШ147.11-93рус328.71 | ||
| 700 | 1 |
_aДудина _bВ. Г. _gВера Григорьевна _4070 |
|
| 701 | 1 |
_4070 _7ca _8rus _aИванова _bЕ. А. _cканд. филол. наук, иностранные языки _gЕкатерина Александровна _910916 _3RU\NLR\AUTH\7727885 |
|
| 801 | 0 |
_aRU _bNLR _c20050523 _grcr |
|
| 801 | 1 |
_aRU _bNLR _c20050523 |
|
| 942 | _cBOOK | ||
| 980 | _aNB | ||